| 000 | 00854nam a22002057a 4500 | ||
|---|---|---|---|
| 999 |
_c4122 _d4122 |
||
| 003 | AR-CdUCM | ||
| 008 | 190308b ||||| |||| 00| 0 eng d | ||
| 040 |
_aMUNICIPALIDAD PROVINCIAL DEL CUSCO _cBIBLIOTECA MUNICIPAL DEL CUSCO |
||
| 082 |
_a720 / _bC72 |
||
| 100 |
_aCobo Contreras, Gabriel _913060 |
||
| 245 | _aArquitectura serenense / | ||
| 260 |
_aChile : _bNorte, _c2002. |
||
| 300 |
_a52 páginas ; _c26 cm. _bfotografía ; |
||
| 505 | _aContenido: La arquitectura serenense: testimonio de su historia. reseña histórica -- Caracterización y referencias cronológicas de la arquitectura religiosa y civil de la ciudad -- Arquitectura religiosa republicana -- Arquitectura civil estilo colonial ... | ||
| 650 |
_aChile _91150 |
||
| 650 |
_aArquitectura _93356 |
||
| 650 |
_aEstilos arquitectónicos _913061 |
||
| 942 |
_2ddc _cLIBROS |
||
| 945 | _azta | ||